| 000 | 00671cam a2200229 4500 | ||
|---|---|---|---|
| 001 | sa 68013834 | ||
| 003 | DLC | ||
| 005 | 20260227112626.0 | ||
| 008 | 691215s1967 pk 00010 eng | ||
| 010 | _asa 68013834 //r922 | ||
| 025 | _aPL480:P-E-1457 | ||
| 040 |
_aDLC _cDLC _dDLC |
||
| 050 | 0 | 0 |
_aPE1582.A7 _bM3 |
| 082 | 0 | 0 | _a422/.4/927 |
| 100 | 1 | 0 | _aMazhar, Mohammad Ahmad. |
| 245 | 1 | 0 |
_aEnglish traced to Arabic, _cby Mohammad Ahmad Mazhar. |
| 260 | 0 |
_aLahore, _bSunrise Art Printers _c[1967] |
|
| 300 |
_a351 p. _c24 cm. |
||
| 350 | _a15.00 | ||
| 650 | 0 |
_aEnglish language _xForeign words and phrases _xArabic. |
|
| 650 | 0 |
_aArabic language _xInfluence on English. |
|
| 999 |
_c85384 _d85384 |
||